000 00639npc a2200205Ia 4500
001 dp4/9-44804
003 IT-MiCISF
008 161014s9999||||xx | und||
040 _aIT-MiCISF
_cIT-MiCISF
041 _ait
100 _aAA.VV.
245 0 _aIl mistero dell'accoglienza, il battesimo, prima tappa dell'iniziazione cristiana
_bStrumento per il lavoro pastorale delle comunità
250 _a1a ed.
260 _a Milano
_bITL
_c2008
300 _app. 63
500 _aArcidiocesi di Milano / pastorale-familiare, pastorale-sacramenti /
650 _apastorale-familiare
942 _cDD
957 _71
999 _a44804
_bsi
_g1
_c206681
_d206681